[Event "Challenge"]
[Site "http://www.queenalice.com/game.php?id=318354"]
[Date "2007.12.11"]
[Round "-"]
[White "tkasperbauer"]
[Black "Renatogr90"]
[Result "0-1"]
[WhiteElo "1582"]
[BlackElo "1648"]

1. d4 e6 2. c4 Nc6 3. e3 d5 4. Nf3 dxc4 5. Bxc4 Bb4+ 6. Bd2 Bxd2+ 7. Nbxd2 a6 8.
Nb3 Nf6 9. O-O e5 10. Qd2 exd4 11. exd4 Bg4 12. Ng5 Be6 13. Rfe1 O-O 14. d5 Bxd5
15. Bxd5 Nxd5 16. Qc2 Qxg5 17. a3 Nf4 18. g3 Nh3+ 19. Kf1 Rae8 20. Re2 Rxe2 21.
Qxe2 h6 22. Nc1 Nd4 23. Qd1 Nf5 24. Nd3 Rd8 25. Qb3 Nd4 26. Qc4 Qd2 27. Kg2 Ng5
28. Re1 Nc2 0-1

[Event "Challenge"]
[Site "http://www.queenalice.com/game.php?id=318390"]
[Date "2007.12.11"]
[Round "-"]
[White "Renatogr90"]
[Black "tkasperbauer"]
[Result "0-1"]
[WhiteElo "1625"]
[BlackElo "1564"]

1. e4 e5 2. Nf3 d6 3. Bc4 f5 4. exf5 d5 5. Bb3 Nc6 6. d4 Bxf5 7. dxe5 Nb4 8. Na3
Bc5 9. c3 Nd3+ 10. Kf1 Nxf2 11. Qxd5 Bd3+ 12. Ke1 Bg6 13. Qxc5 Nd3+ 14. Kf1 Nxc5
15. Bc4 Qd1+ 16. Kf2 Ne4+ 17. Ke3 Qxh1 18. Nb5 O-O-O 19. Nxa7+ Kb8 20. Nb5 Qxg2
21. Bxg8 Qf2+ 22. Kf4 Rf8+ 23. Kg4 Bf5+ 24. Kh5 Qxf3+ 25. Kh4 Qh3# 0-1

[Event "Challenge"]
[Site "http://www.queenalice.com/game.php?id=318393"]
[Date "2007.12.11"]
[Round "-"]
[White "tkasperbauer"]
[Black "Red1"]
[Result "1-0"]
[WhiteElo "1576"]
[BlackElo "1087"]

1. d4 d5 2. c4 Nf6 3. e3 Nc6 4. Nc3 Bg4 5. f3 Bh5 6. Be2 Bg6 7. Nh3 Na5 8. b3 e6
9. O-O b6 10. cxd5 exd5 11. Bb5+ c6 12. Ba6 Bd3 13. Qxd3 c5 14. Rd1 h6 15. Nf4
g5 16. Bb5+ Ke7 17. Ncxd5+ Kd6 18. dxc5+ bxc5 19. Qf5 Rg8 20. Nxf6+ Kc7 21. Rxd8
Kxd8 22. Qd7# 1-0

[Event "Challenge"]
[Site "http://www.queenalice.com/game.php?id=318457"]
[Date "2007.12.11"]
[Round "-"]
[White "parbuster43"]
[Black "tkasperbauer"]
[Result "1-0"]
[WhiteElo "1603"]
[BlackElo "1573"]

1. e4 e5 2. f4 Nc6 3. Nf3 d6 4. fxe5 dxe5 5. Bb5 Bd7 6. Nc3 a6 7. Bxc6 Bxc6 8.
Nxe5 Qh4+ 9. g3 Qf6 10. d4 Ne7 11. Rf1 Qh6 12. Bxh6 gxh6 13. Qh5 O-O-O 14. Nxf7
Be8 15. Qe5 Bxf7 16. Qxh8 Ng6 17. Qf6 Rd7 18. O-O-O Bxa2 19. Nxa2 Rd6 20. Qf5+
Rd7 21. Nc3 Ne7 22. Qxf8+ 1-0

[Event "Challenge"]
[Site "http://www.queenalice.com/game.php?id=319674"]
[Date "2007.12.13"]
[Round "-"]
[White "tkasperbauer"]
[Black "brazuka"]
[Result "1-0"]
[WhiteElo "1579"]
[BlackElo "1602"]

1. d4 d5 2. Nc3 Nf6 3. f3 e6 4. a3 c5 5. e3 c4 6. Rb1 Bd6 7. b3 cxb3 8. cxb3 O-O
9. Bd3 e5 10. f4 e4 11. Bc2 Bg4 12. Nge2 Nc6 13. O-O a5 14. h3 Be6 15. g4 Nxg4
16. f5 Bxf5 17. Rxf5 1-0

[Event "Challenge"]
[Site "http://www.queenalice.com/game.php?id=321339"]
[Date "2007.12.16"]
[Round "-"]
[White "tkasperbauer"]
[Black "limone_br"]
[Result "0-1"]
[WhiteElo "1583"]
[BlackElo "1506"]

1. d4 g6 2. e4 Bg7 3. Nf3 Nf6 4. Nc3 e6 5. Bc4 d5 6. Bd3 O-O 7. O-O dxe4 8. Nxe4
Nc6 9. Be3 Ng4 10. Bd2 Nxd4 11. Nxd4 Bxd4 12. Qxg4 e5 13. Qf3 f5 14. Ng5 Bxb2
15. Qh3 h5 16. Bc4+ Kg7 17. Rad1 f4 18. Ne6+ Bxe6 19. Bxe6 Qf6 20. Bb4 Rfe8 21.
Bc4 e4 22. Rb1 Rad8 23. Qb3 Be5 24. Qa3 f3 25. g3 Qf5 26. Rfd1 Qh3 27. Bf1 Rxd1
28. Rxd1 Qe6 29. Qa4 c6 30. Ba3 Bf6 31. Bc4 Qg4 32. Qxa7 e3 33. Re1 e2 34. Qxb7+
Kh6 35. Bd3 Qh3 0-1

[Event "Challenge"]
[Site "http://www.queenalice.com/game.php?id=321342"]
[Date "2007.12.16"]
[Round "-"]
[White "tkasperbauer"]
[Black "joaohumberto"]
[Result "1-0"]
[WhiteElo "1573"]
[BlackElo "1433"]

1. d4 d5 2. c4 dxc4 3. Nc3 Nf6 4. e4 b5 5. f3 e6 6. a3 a6 7. h4 c6 8. Bd2 Qxd4
9. Rb1 Nbd7 10. b4 a5 11. Nce2 Qd3 12. Nc3 Qd6 13. Qc2 a4 14. Be2 h5 15. f4 e5
16. Rd1 Bb7 17. fxe5 Nxe5 18. Bf4 Qc7 19. Nf3 Be7 20. Bxe5 Qc8 21. Bxf6 Bxf6 22.
e5 Be7 23. O-O O-O 24. Qc1 Qe6 25. Ne4 Qg4 26. Rd4 Rad8 27. Nf6+ gxf6 28. Rxg4+
hxg4 29. Nd2 g3 30. Ne4 fxe5 31. Nxg3 Bxh4 32. Qc3 f6 33. Nf5 Bg5 34. Bh5 Rd3
35. Qc2 Rxa3 36. Rf3 Ra1+ 37. Kh2 Bf4+ 38. Rg3+ Bxg3+ 39. Kxg3 Ra3+ 40. Kh2 Kh7
41. Nd6+ Kh6 42. Qc1+ Kxh5 43. Qxa3 Ba6 44. Qg3 Rd8 45. Nf5 Bc8 46. Ne7 Bb7 47.
Qg6+ Kh4 48. Nf5# 1-0

[Event "Challenge"]
[Site "http://www.queenalice.com/game.php?id=330736"]
[Date "2008.1.4"]
[Round "-"]
[White "tkasperbauer"]
[Black "sheepdog"]
[Result "1-0"]
[WhiteElo "1574"]
[BlackElo "1422"]

1. d4 d5 2. Nc3 Nf6 3. e4 Nxe4 4. Qf3 f5 5. b3 c6 6. Bd3 Nxc3 7. Bb2 Nxa2 8.
Rxa2 Be6 9. Ne2 Na6 10. O-O Nb4 11. Raa1 g6 12. Nf4 Qd7 13. Rfe1 O-O-O 14. Bf1
Bf7 15. Re2 Bg7 16. Rae1 Qd6 17. Ba3 Bxd4 18. c3 g5 19. Bxb4 Qxf4 20. cxd4 e6
21. Bd2 Qxd4 22. Bc3 Qb6 23. Bxh8 Rxh8 24. Rxe6 Bxe6 25. Rxe6 f4 26. Qg4 Kb8 27.
Qxg5 a6 28. Kh1 Rd8 29. Qe5+ Ka7 30. f3 Qxb3 31. Re8 Rxe8 32. Qxe8 d4 33. h3 d3
34. Qd7 Qd5 35. Qxd5 cxd5 36. Bxd3 h5 37. Kg1 b5 38. Kf1 d4 39. Ke1 b4 40. Kd1
a5 41. Bb5 Kb6 42. Ba4 Kc5 43. Kc2 Kc4 44. Bb3+ Kc5 45. Kd3 h4 46. Kc2 Kb5 47.
Kd3 a4 48. Bc4+ Kc5 49. Be6 Kd6 50. Kxd4 b3 51. Bf5 a3 52. Kc3 a2 53. Kb2 Kc5
54. Be6 a1=Q+ 55. Kxa1 1-0

[Event "Challenge"]
[Site "http://www.queenalice.com/game.php?id=331842"]
[Date "2008.1.6"]
[Round "-"]
[White "joaohumberto"]
[Black "tkasperbauer"]
[Result "0-1"]
[WhiteElo "1463"]
[BlackElo "1569"]

1. d4 d5 2. e3 Nc6 3. c3 e5 4. dxe5 Nxe5 5. Be2 Nf6 6. f4 Nc4 7. b3 Nb6 8. c4
Be6 9. Bd3 Qd7 10. h3 Be7 11. Nc3 d4 12. exd4 Qxd4 13. Qd2 Bb4 14. Bb2 O-O 15.
Nge2 Qd6 16. a3 Bc5 17. Nb5 Qd7 18. Qc3 Rfe8 19. O-O-O Rad8 20. Qe5 Na8 21. Qxc5
Qe7 22. Qxa7 b6 23. Rhe1 Rd7 24. f5 c6 25. Qa4 cxb5 26. cxb5 g6 27. g4 Rc7+ 28.
Kb1 Bd5 29. g5 Ne4 30. Bc2 Qc5 31. Qd4 Qxc2+ 32. Ka2 Qxb3+ 33. Kb1 Qa2# 0-1

[Event "Let's Play Chess!"]
[Site "http://www.queenalice.com/game.php?id=339877"]
[Date "2008.1.21"]
[Round "-"]
[White "tkasperbauer"]
[Black "limone_br"]
[Result "1-0"]
[WhiteElo "1581"]
[BlackElo "1548"]

1. d4 g6 2. c4 Nf6 3. Nc3 Bg7 4. Nf3 e6 5. e4 O-O 6. Be2 d5 7. e5 Ne4 8. O-O c6
9. h4 f5 10. Bd3 Nxc3 11. bxc3 Na6 12. cxd5 Qxd5 13. Qb3 c5 14. Bc4 Qe4 15.
Bxe6+ Bxe6 16. Qxe6+ Kh8 17. Ng5 h5 18. Nxe4 fxe4 19. Qxg6 cxd4 20. cxd4 Rg8 21.
Qxh5+ Bh6 22. Qxh6# 1-0

[Event "Challenge"]
[Site "http://www.queenalice.com/game.php?id=339892"]
[Date "2008.1.21"]
[Round "-"]
[White "joaohumberto"]
[Black "tkasperbauer"]
[Result "0-1"]
[WhiteElo "1547"]
[BlackElo "1596"]

1. d4 e6 2. Nf3 Nc6 3. e4 Qe7 4. Be2 a6 5. e5 d6 6. exd6 cxd6 7. c3 e5 8. d5 e4
9. Nd4 Ne5 10. Nd2 Nd3+ 11. Bxd3 exd3+ 12. Kf1 Nf6 13. N2b3 Qe4 14. Be3 Bh3 15.
Rg1 Bf5 16. Qd2 Nxd5 17. Re1 O-O-O 18. f3 Nxe3+ 19. Rxe3 Qd5 20. g4 Bd7 21. Qxd3
Kb8 22. c4 Qg5 23. Na5 Qxa5 24. a3 Qg5 25. b4 Re8 26. Rxe8+ Bxe8 27. b5 g6 28.
bxa6 bxa6 29. Qb3+ Ka7 30. Kg2 Qd2+ 31. Kh3 Qxd4 32. Re1 Bd7 33. Rb1 Bb5 34. a4
h5 35. axb5 hxg4+ 36. Kg3 Rh3+ 37. Kg2 Qd2+ 38. Kf1 Rxf3+ 39. Kg1 Qf2+ 40. Kh1
Rxb3 41. Rg1 Rh3 42. Rg2 Qf3 43. Kg1 Qd1+ 44. Kf2 Rf3# 0-1

[Event "Challenge"]
[Site "http://www.queenalice.com/game.php?id=346133"]
[Date "2008.1.31"]
[Round "-"]
[White "tkasperbauer"]
[Black "espiga"]
[Result "1-0"]
[WhiteElo "1591"]
[BlackElo "1237"]

1. d4 d5 2. c4 dxc4 3. Nc3 a6 4. a4 Bf5 5. e4 Bg6 6. Bxc4 e6 7. Bf4 Bb4 8. Ne2
Bxe4 9. O-O Bxc3 10. Nxc3 Bc6 11. d5 exd5 12. Nxd5 Bxd5 13. Bxd5 h6 14. Bxf7+
Kxf7 15. Qxd8 Kg6 16. Qxc7 Nf6 17. Qb6 Nd7 18. Qb3 Nc5 19. Qg3+ Kf7 20. f3 Nd3
21. Be5 g5 22. h4 Rhg8 23. Bxf6 Nxb2 24. Qe5 Nc4 25. Qe7+ Kg6 26. hxg5 Rae8 27.
Qb4 Ne3 28. Rfe1 Nc2 29. Qb1 Rxe1+ 30. Qxe1 Nxe1 31. Rxe1 hxg5 32. Re6 Kf5 33.
Rb6 Rb8 34. Bb2 Kf4 35. Re6 Rd8 36. Rf6+ Kg3 37. Be5+ Kh4 38. Rh6# 1-0

[Event "Challenge"]
[Site "http://www.queenalice.com/game.php?id=362238"]
[Date "2008.2.27"]
[Round "-"]
[White "Wefferson_Emerich_0802"]
[Black "tkasperbauer"]
[Result "1-0"]
[WhiteElo "1664"]
[BlackElo "1595"]

1. e4 e5 2. Bc4 d6 3. Qf3 f6 4. Bxg8 Rxg8 5. Qh5+ g6 6. Qxh7 Rg7 7. Qh4 Be6 8.
Qg3 Nc6 9. c3 Qe7 10. Na3 O-O-O 11. b4 Rf7 12. Qe3 b6 13. h3 f5 14. Nb5 a6 15.
Na3 f4 16. Qf3 Bh6 17. b5 Nb8 18. bxa6 Nxa6 19. d4 exd4 20. cxd4 d5 21. e5 Qb4+
22. Kf1 Qxd4 23. Rb1 c6 24. Bb2 Qc5 25. Rc1 Qb4 26. Rxc6+ Rc7 27. Rxc7+ Nxc7 28.
Qc3 Bf8 29. Qxb4 Bxb4 30. Nc2 Na6 31. Nd4 Bf5 32. Nc6 Bd3+ 33. Ne2 Rf8 34. f3
Bd2 35. Kf2 Be3+ 36. Ke1 Re8 37. Ned4 Nb4 38. Nxb4 Bc4 39. Ndc2 d4 40. Bxd4 Bxd4
41. Nxd4 Rxe5+ 42. Kf2 Kc7 43. Rc1 b5 44. Nxb5+ Rxb5 45. Rxc4+ Kd6 46. Rxf4 Ke5
47. Nd3+ Kd5 48. Rg4 Rb6 49. Nf4+ Ke5 50. Nxg6+ Ke6 51. h4 Rb2+ 52. Kg3 Kf5 53.
Nf4 1-0

[Event "AUTO-INT-677"]
[Site "http://www.queenalice.com/game.php?id=373211"]
[Date "2008.3.18"]
[Round "2"]
[White "Renatogr90"]
[Black "tkasperbauer"]
[Result "0-1"]
[WhiteElo "1595"]
[BlackElo "1596"]

1. e4 e5 2. Nf3 Nc6 3. Bb5 Nd4 4. Nxd4 exd4 5. d3 c6 6. Bc4 d5 7. exd5 cxd5 8.
Bb3 Qe7+ 9. Qe2 Be6 10. O-O Qd8 11. Bf4 Bd6 12. Bxd6 Qxd6 13. Nd2 Nf6 14. c4 O-O
15. cxd5 Ng4 16. g3 Bf5 17. f3 Rae8 18. Nc4 Qh6 19. Qg2 Re7 20. fxg4 Bxd3 21.
Rfc1 Re2 22. Qf3 Qxh2+ 23. Kf1 Re3+ 24. Qe2 Qxe2+ 25. Kg1 Rxg3+ 26. Kh1 Qg2# 0-1

[Event "AUTO-INT-677"]
[Site "http://www.queenalice.com/game.php?id=373212"]
[Date "2008.3.18"]
[Round "2"]
[White "tkasperbauer"]
[Black "Renatogr90"]
[Result "0-1"]
[WhiteElo "1612"]
[BlackElo "1579"]

1. e4 e5 2. Nf3 d6 3. d4 exd4 4. c3 dxc3 5. Nxc3 Nf6 6. Bc4 Be6 7. Qb3 Bxc4 8.
Qxc4 Nc6 9. Ng5 Ne5 10. Qb3 b6 11. Bf4 Qe7 12. O-O h6 13. Nd5 Qd8 14. Nf3 Nxf3+
15. Qxf3 Nxd5 16. exd5 c5 17. dxc6 Qc7 18. Qe4+ Be7 19. Rad1 O-O 20. Rfe1 Bf6
21. Bxd6 Qc8 22. c7 Re8 23. Qc6 Rxe1+ 24. Rxe1 Kh7 25. Re8 Qxe8 26. g3 Qxc6 27.
Bf4 g5 0-1

[Event "AUTO-INT-677"]
[Site "http://www.queenalice.com/game.php?id=373217"]
[Date "2008.3.18"]
[Round "2"]
[White "tkasperbauer"]
[Black "ignacius"]
[Result "0-1"]
[WhiteElo "1577"]
[BlackElo "1909"]

1. e4 c6 2. d4 g6 3. Nf3 Bg7 4. Nc3 d6 5. Bf4 Nf6 6. Bc4 O-O 7. O-O d5 8. Bb3
dxe4 9. Ng5 e6 10. Re1 a5 11. Be5 b5 12. a3 Nbd7 13. Bg3 Bb7 14. Ncxe4 Nxe4 15.
Rxe4 Qxg5 16. Rg4 Qe7 17. c4 Rad8 18. Qe2 bxc4 19. Bxc4 Nb6 20. Bb3 Bxd4 21. Rd1
c5 22. h3 Ba8 23. Be5 Bxe5 24. Qxe5 Rxd1+ 25. Bxd1 Bd5 26. Qe1 Qc7 27. b4 axb4
28. axb4 c4 29. g3 c3 30. Qe2 Rc8 31. Bc2 Qc6 32. Rd4 Ra8 33. Rd1 Bf3 34. Qf1
Bxd1 35. Qxd1 Nd5 36. Be4 Qc4 37. Qb1 Rb8 0-1

[Event "AUTO-INT-677"]
[Site "http://www.queenalice.com/game.php?id=373218"]
[Date "2008.3.18"]
[Round "2"]
[White "ignacius"]
[Black "tkasperbauer"]
[Result "1-0"]
[WhiteElo "1868"]
[BlackElo "1582"]

1. d4 d5 2. c4 e6 3. cxd5 exd5 4. Nf3 Nc6 5. e3 Bf5 6. a3 a6 7. Bd3 Qd7 8. O-O
Bd6 9. Nc3 Nf6 10. Re1 O-O 11. Qc2 Bg6 12. Bxg6 fxg6 13. e4 Rae8 14. e5 Nxd4 15.
Nxd4 Bc5 16. Nf3 Ng4 17. Nd1 Rxe5 18. Rxe5 Nxe5 19. Nxe5 Qe6 20. Qxc5 Qxe5 21.
Be3 c6 22. Nc3 Rd8 23. Qd4 Qd6 24. Bf4 Qe6 25. Qe3 Qf5 26. Re1 d4 27. Qd2 Qf8
28. Na4 h6 29. g3 Re8 30. Rxe8 Qxe8 31. Qxd4 Kh8 32. Be5 Qc8 33. Bxg7+ 1-0

[Event "Challenge"]
[Site "http://www.queenalice.com/game.php?id=396365"]
[Date "2008.5.1"]
[Round "-"]
[White "tkasperbauer"]
[Black "backnine"]
[Result "1-0"]
[WhiteElo "1602"]
[BlackElo "1641"]

1. d4 c5 2. e3 d6 3. Nf3 Nd7 4. e4 e5 5. Bb5 cxd4 6. c3 dxc3 7. Nxc3 a6 8. Ba4
Nf6 9. O-O b6 10. Bg5 Bb7 11. Bb3 g6 12. Nd5 Bg7 13. Rc1 Bxd5 14. Bxd5 Rb8 15.
Qd3 b5 16. Qb3 O-O 17. Rc6 Rb6 18. Rfc1 h6 19. Be3 Rxc6 20. Rxc6 Nxd5 21. Bd2
Nc5 22. Qxd5 Ne6 23. Rxd6 Qc8 24. h3 Nf4 25. Kf1 Qc4+ 26. Qxc4 bxc4 27. Rxa6 Nd3
28. b4 Rc8 29. Bc3 Rb8 30. a3 Bf6 31. Rxf6 Kg7 32. Ra6 Re8 33. Ra5 f6 34. a4 g5
35. b5 Nc5 36. b6 Nxe4 37. Bb4 c3 38. Ba3 Nd2+ 39. Nxd2 cxd2 40. Rd5 Rb8 41. a5
Rb7 42. Rxd2 Kg6 43. Rd6 Kf7 44. a6 Rb8 45. a7 Ra8 46. b7 Rxa7 47. b8=Q Rxa3 48.
Qb7+ Kg6 49. g3 Ra1+ 50. Kg2 h5 51. Qe4+ Kg7 52. Qf5 Ra7 53. Qxf6+ Kg8 54. Rd8+
Kh7 55. Rh8# 1-0

[Event "Challenge"]
[Site "http://www.queenalice.com/game.php?id=396367"]
[Date "2008.5.1"]
[Round "-"]
[White "tkasperbauer"]
[Black "backnine"]
[Result "1-0"]
[WhiteElo "1584"]
[BlackElo "1643"]

1. d4 g6 2. e4 Bg7 3. Nf3 d6 4. Nc3 e6 5. Bd2 Nd7 6. Be2 c6 7. O-O e5 8. dxe5
dxe5 9. Bc4 Ngf6 10. Ng5 O-O 11. Qe2 b6 12. Nf3 Bb7 13. Rfd1 Qc8 14. a3 Re8 15.
Ng5 Rf8 16. b4 b5 17. Bb3 a6 18. Be3 h6 19. Nf3 c5 20. Bd5 Ng4 21. Bd2 cxb4 22.
axb4 Nb6 23. Bxb7 Qxb7 24. Nd5 Nxd5 25. exd5 e4 26. Ng5 Bxa1 27. Rxa1 h5 28. Bc3
Qxd5 29. Nxe4 Rfe8 30. f3 Ne5 31. Rd1 Qc6 32. Bb2 Nc4 33. Ba1 Na3 34. c3 Nc4 35.
g4 h4 36. Re1 Kg7 37. Qf2 Ne5 38. f4 Nd3 39. Qd4+ Kh6 40. g5+ Kh5 41. Nf6+ Qxf6
42. gxf6 Rxe1+ 43. Kg2 Nc1 44. Qd5+ Kg4 45. Qg5# 1-0

[Event "You goingo to learn to play ches"]
[Site "http://www.queenalice.com/game.php?id=412649"]
[Date "2008.6.3"]
[Round "-"]
[White "tkasperbauer"]
[Black "luizantoniosetti"]
[Result "0-1"]
[WhiteElo "1620"]
[BlackElo "1997"]

1. d4 Nf6 2. c4 g6 3. Nc3 d5 4. e3 Bg7 5. f3 O-O 6. e4 dxe4 7. fxe4 c5 8. d5 Qa5
9. e5 Ng4 10. Bd2 Nxe5 11. Nb5 Qd8 12. b3 a6 13. Nc3 e6 14. Nf3 Nxf3+ 15. Qxf3
exd5 16. O-O-O d4 17. Be1 Nc6 18. Na4 Ne5 19. Qf4 Qc7 20. b4 Nd3+ 21. Rxd3 Qxf4+
22. Bd2 Qc7 23. g3 b5 24. Bf4 Qb7 25. Rg1 bxa4 26. Bg2 Qa7 0-1